| 000 | 00839cab a2200265 4500 | ||
|---|---|---|---|
| 001 | ABS52441 | ||
| 008 | 090401t1995 xxu||||| |||| 00| 0 eng d | ||
| 035 | _a(Sirsi) u78343 | ||
| 041 | _aeng | ||
| 100 | _aNott, P. | ||
| 245 | _aShutting the stable door | ||
| 260 | _c1995 | ||
| 350 | _a0 | ||
| 490 |
_aValuer (ISVA) _v64(3) April 1995, 15(1) |
||
| 520 | _aStresses the importance of health and safety issues in property management, outlines the legislative requirements and identifies areas of risk. | ||
| 650 | _aCOSHH | ||
| 650 | _aHEALTH AND SAFETY AT WORK ETC ACT 1974 | ||
| 650 | _aHEALTH AND SAFETY AT WORK REGULATIONS 1992 | ||
| 650 |
_aHEALTH AND SAFETY _96244 |
||
| 650 |
_aProperty management _96262 |
||
| 650 | _aSAFETY | ||
| 690 | _aBUILT ENVIRONMENT-BUILDING STANDARDS | ||
| 942 | _n0 | ||
| 948 | _c04/03/1997 | ||
| 999 |
_c49304 _d49304 |
||